Ba Kooe Yaar, Ba Andaaz-E-Mahrimana Guzar (Record no. 7616)

MARC details
000 -LEADER
fixed length control field 00597nam a2200241 a 4500
020 ## - INTERNATIONAL STANDARD BOOK NUMBER
ISBN
082 00 - DEWEY DECIMAL CLASSIFICATION NUMBER
Classification number 891.43909
Author Cutter SAR1
100 ## - MAIN ENTRY--AUTHOR NAME
Author name Sarwar, Tonsvi
245 ## - TITLE STATEMENT
Title Ba Kooe Yaar, Ba Andaaz-E-Mahrimana Guzar
260 ## - PUBLICATION, DISTRIBUTION, ETC. (IMPRINT)
Place of publication Delhi
Name of publisher Shan-E-Hind Office
Year of publication 1987
300 ## - PHYSICAL DESCRIPTION
Number of Pages 271p
500 ## - GENERAL NOTE
General note includes index and biblioraphy
505 2# - FORMATTED CONTENTS NOTE
Formatted contents note Errata
650 ## - SUBJECT ADDED ENTRY--TOPICAL TERM
Topical Term Biography-Urdu Writers
942 ## - ADDED ENTRY ELEMENTS (KOHA)
Koha item type Books
700 1# -
-- Sarwar, Tonsvi
Holdings
Collection code Home library Current library Date acquired Cost, normal purchase price Full call number Accession Number Koha item type
  Henry Martyn Institute Library Henry Martyn Institute Library 06/22/2007 100.00 891.43909 SAR1 012692 Books
                   Copyright © 2026 | Henry Martyn Institute | Hyderabad | TS-500052 | INDIA | Implemented by hmi.edu.in
Hit-Count:

Powered by Koha